000
00276nam a2200121Ia 4500
008
241002s9999 xx 000 0 und d
082
_a
808.89 NIE
100
_a
Nietzsche
245
0
_a
Thus Spoke Zarathustra
260
_a
London:
_c
1961
600
_a
Literature
942
_c
UC
999
_c
18855
_d
18855